000
00294nam a22001337a 4500
008
170731b xxu||||| |||| 00| 0 eng d
020
_a
9780619056704
041
_a
eng
080
_a
004
100
_a
32
101
_a
SHK
245
_a
MICROSOFT EXCEL 2002 MOUS
_c
CLEMENS,B
942
_2
udc
_c
BK
999
_c
22281
_d
22281